00539nai a2200157Ia 4500003000900000008004100009022002200050022002300072040001600095245006100111260002800172310001400200362002600214521006900240856007200309IN-BaIIA211028c9999 xx s 000 0 eng d a0932-4194 (Print) a1435-568X (Online) cIIA Library 0aMathematics of Control, Signals, and Systemsh[eJournal] aLondonbSpringer London aQuarterly a10(1); 1997 - Present bSubscribed through National Knowledge Resource Consortium (NKRC) uhttps://www.springer.com/journal/498yClick Here to Access eJournal